خطبات اقبال / K̲h̲ut̤bāt-i Iqbāl / (Record no. 84785)
[ view plain ]
| 000 -LEADER | |
|---|---|
| fixed length control field | 00722nam a22002177a 4500 |
| 001 - CONTROL NUMBER | |
| control field | 84785) |
| 003 - CONTROL NUMBER IDENTIFIER | |
| rucl marc code | BD-RjUL |
| 005 - DATE AND TIME OF LATEST TRANSACTION | |
| control field | 20250408125414.0 |
| 008 - FIXED-LENGTH DATA ELEMENTS--GENERAL INFORMATION | |
| fixed length control field | 240407s1946 ii 000 0 urd |
| 035 ## - SYSTEM CONTROL NUMBER | |
| System control number | (BD-RjUL)84785) |
| 040 ## - CATALOGING SOURCE | |
| Original cataloging agency | DLC |
| Transcribing agency | DLC |
| Language of cataloging | urd |
| 041 1# - LANGUAGE CODE | |
| Language code of original | urd |
| Language code of text/sound track or separate title | eng |
| 082 ## - DEWEY DECIMAL CLASSIFICATION NUMBER | |
| Edition number | 23 |
| Classification number | 891.4391 |
| Author mark and year | BAK 1946 |
| 100 1# - MAIN ENTRY--PERSONAL NAME | |
| Personal name | Bāno, Raẓiyah Farḥat |
| 9 (RLIN) | 15200 |
| 245 10 - TITLE STATEMENT | |
| Title | خطبات اقبال / K̲h̲ut̤bāt-i Iqbāl / |
| Statement of responsibility, etc. | رضىه فرحت بانو ;; Raẓiyah Farḥat Bāno |
| 260 ## - PUBLICATION, DISTRIBUTION, ETC. (IMPRINT) | |
| Place of publication, distribution, etc. | Dihlī: |
| Name of publisher, distributor, etc. | حالى پبلشنگ ہاؤس،, Ḥālī Pablishing Hāʼūs, Dihlī, |
| Date of publication, distribution, etc. | 1964 |
| 300 ## - PHYSICAL DESCRIPTION | |
| Pagination | 111 p. ; |
| Size | 18cm. |
| 600 ## - SUBJECT ADDED ENTRY--PERSONAL NAME | |
| Personal name | Iqbal, Muhammad, Sir, |
| Dates associated with a name | 1877-1938 |
| 700 ## - ADDED ENTRY--PERSONAL NAME | |
| Personal name | Iqbal, Muhammad, |
| 942 ## - ADDED ENTRY ELEMENTS (KOHA) | |
| Source of classification or shelving scheme | Dewey Decimal Classification |
| Koha item type | Books |
| Lost status | Source of classification or shelving scheme | Damaged status | Not for loan | Collection code | Permanent Location | Current Location | Shelving location | Date acquired | Total Checkouts | Full call number | Date last seen | Copy number | Koha item type |
|---|---|---|---|---|---|---|---|---|---|---|---|---|---|
| Dewey Decimal Classification | Not For Loan | Non-fiction | Central Library, University of Rajshahi | Central Library, University of Rajshahi | Reading Room | 08/04/2025 | U 891.4391 BAK 1946 | 08/04/2025 | C-1 | Books | |||
| Dewey Decimal Classification | Non-fiction | Central Library, University of Rajshahi | Central Library, University of Rajshahi | General Stacks | 07/07/1976 | U 891.4391 BAK 1946 | 31/07/2025 | C-2 | Books |